书目信息 |
| 题名: |
诗经韵读
|
|
| 作者: | 王力 著 | |
| 分册: | ||
| 出版信息: | 上海 上海古籍出版社 1980 |
|
| 页数: | 417页 | |
| 开本: | 19cm | |
| 丛书名: | ||
| 单 册: | ||
| 中图分类: | I222. , H11 | |
| 科图分类: | ||
| 主题词: | 诗律-文学研究--中国 , 文学研究-诗律--中国 , 汉语--语音 , 汉语--音韵学 | |
| 电子资源: | ||
| ISBN: | ||
| 000 | 00682nam0 2200277 45 | |
| 001 | 1562493650 | |
| 005 | 20150124172204.20 | |
| 010 | @dCNY1.30 | |
| 091 | @aCN@b9186.6 | |
| 100 | @a19950517d1980 emky0chiy0121 ea | |
| 101 | 0 | @achi |
| 102 | @aCN@b310000 | |
| 105 | @ay z 000zy | |
| 200 | 10 | @a诗经韵读@Ashi jing yun du@f王力著 |
| 210 | @a上海@c上海古籍出版社@d1980 | |
| 215 | @a417页@d19cm | |
| 606 | @a诗律-文学研究@y中国 | |
| 606 | @a文学研究-诗律@y中国 | |
| 606 | 0 | @a汉语@x语音 |
| 606 | 0 | @a汉语@x音韵学 |
| 690 | @aI222.@v3 | |
| 690 | @aH11@v4 | |
| 701 | 0 | @a王力@Awang li@4著 |
| 801 | 0 | @aCN@bTSSF@c20150124 |
| 801 | 2 | @aCN@bNLC |
| 905 | @aZUCC@dH11@eJY67 | |
| 诗经韵读/王力著.-上海:上海古籍出版社,1980 |
| 417页;19cm |
| ISBN :CNY1.30 |
| ● |
| 相关链接 |
|
|
|
|
正题名:诗经韵读
索取号:H11/JY67
 
预约/预借
| 序号 | 登录号 | 条形码 | 馆藏地/架位号 | 状态 | 备注 |
| 1 | 7842226 | 278422262 | 学院路分馆/ [索取号:H11/JY67] | 在馆 | |
| 2 | 7842227 | 278422271 | 学院路分馆/ [索取号:H11/JY67] | 在馆 | |
| 3 | 7842228 | 278422280 | 学院路分馆/ [索取号:H11/JY67] | 在馆 |